000 00559nam a2200169 i 4500
001 40529
003 ES-MaACL
005 20230906160239.0
007 t|
008 030306s1975 ve ||||1| spa d
100 1 _aCardozo, Lubio.
_935210
245 1 0 _aBibliografía de bibliografías sobre la literatura venezolana en las bibliotecas de Madrid, Paris y Londres /
_cLubio Cardozo.
260 _a[Maracaibo] :
_bUniversidad del Zulia,
_c[1975]
300 _a67 p. ;
_c23 cm.
710 2 _aUniversidad del Zulia.
_97369
852 _aES-MaACL
_jA-5632
_bR.94563
999 _c40529
_d40529